000 00565nam a2200145 4500
001 131582
003 ES-MaACL
005 20230906194017.0
007 t|
008 070214s1909 sp r ||||1| spa d
100 1 _aRodríguez Avila, Manuel.
_998362
245 1 1 _a¿Por qué no hemos contribuido los españoles como los demás europeos al progreso de la ciencia química?
_b: discurso leído en la apertura del curso de 1909 a 1910 en la Universidad de Granada /
_cManuel Rodríguez Avila.
260 _aMadrid :
_b[s.n.],
_c1909.
852 _aES-MaACL
_jT-1183-F-6
999 _c131582
_d131582